| 000 | 00331nam a22001217a 4500 | ||
|---|---|---|---|
| 999 |
_c7701 _d7701 |
||
| 005 | 20190308102939.0 | ||
| 008 | 190308b ||||| |||| 00| 0 eng d | ||
| 022 | _a12148407 | ||
| 082 | _aPeriodical | ||
| 245 |
_aStudia Neoaristotelica ; _bA journal of Analytical Scholasticism. |
||
| 300 |
_a224 p, _c21 cm. |
||
| 942 |
_2ddc _cPERIODICAL |
||